Controlling housing supply (Record no. 72845)
[ view plain ]
| 000 -LEADER | |
|---|---|
| fixed length control field | 01406cam a2200265 4500 |
| 001 - CONTROL NUMBER | |
| control field | ABS66836 |
| 008 - FIXED-LENGTH DATA ELEMENTS--GENERAL INFORMATION | |
| fixed length control field | 030612n2003 000 0 eng u |
| 035 ## - SYSTEM CONTROL NUMBER | |
| System control number | (Sirsi) u122584 |
| 100 ## - MAIN ENTRY--PERSONAL NAME | |
| Personal name | Jackson, J. |
| 245 ## - TITLE STATEMENT | |
| Title | Controlling housing supply |
| 260 ## - PUBLICATION, DISTRIBUTION, ETC. | |
| Date of publication, distribution, etc. | 2003 |
| 490 ## - SERIES STATEMENT | |
| Series statement | Planning (for the Natural and Built Environment) |
| Volume/sequential designation | (1521) 30 May 2003, 14(1) |
| 520 ## - SUMMARY, ETC. | |
| Summary, etc. | Examines the problems northwest England local authorities face in meeting the requirements of PPG3. Outlines the key objectives of PPG3 and suggests that in practice these can prevent planners from effectively managing housing land supply. For example, reallocating surplus employment land for housing can force councils to site new employment areas on greenfield land away from higher housing densities. Discusses the finalised RPG for northwest England which cuts the housing provision requirements in many non-metropolitan areas and highlights how several Lancashire districts have introduced 'embargoes' through supplementary planning guidance to address the problem of oversupply. |
| 590 ## - LOCAL NOTE (RLIN) | |
| Local note | ABS |
| 650 ## - SUBJECT ADDED ENTRY--TOPICAL TERM | |
| Topical term or geographic name entry element | PPG3 |
| 650 ## - SUBJECT ADDED ENTRY--TOPICAL TERM | |
| Topical term or geographic name entry element | HOUSING SUPPLY |
| 650 ## - SUBJECT ADDED ENTRY--TOPICAL TERM | |
| Topical term or geographic name entry element | HOUSING LAND |
| 650 ## - SUBJECT ADDED ENTRY--TOPICAL TERM | |
| Topical term or geographic name entry element | REGIONAL PLANNING GUIDANCE |
| 650 ## - SUBJECT ADDED ENTRY--TOPICAL TERM | |
| Topical term or geographic name entry element | HOUSING DENSITY |
| 650 ## - SUBJECT ADDED ENTRY--TOPICAL TERM | |
| Topical term or geographic name entry element | NORTHWEST ENGLAND |
| 650 ## - SUBJECT ADDED ENTRY--TOPICAL TERM | |
| Topical term or geographic name entry element | HOUSING PROVISION |
| 650 ## - SUBJECT ADDED ENTRY--TOPICAL TERM | |
| Topical term or geographic name entry element | RPG4 |
| 690 ## - LOCAL SUBJECT ADDED ENTRY--TOPICAL TERM (OCLC, RLIN) | |
| Topical term or geographic name as entry element | ENVIRONMENTAL AND LAND CONSULTANCY-PLANNING AND DEVELOPMENT |
| 942 ## - ADDED ENTRY ELEMENTS (KOHA) | |
| Suppress in OPAC | 0 |
| Withdrawn status | Lost status | Source of classification or shelving scheme | Damaged status | Not for loan | Home library | Current library | Shelving location | Date acquired | Total Checkouts | Full call number | Barcode | Date last seen | Copy number | Price effective from | Koha item type |
|---|---|---|---|---|---|---|---|---|---|---|---|---|---|---|---|
| Dewey Decimal Classification | London | London | Journal article | 12/06/2003 | ABS66836 | 122584-1001 | 06/08/2019 | 1 | 06/08/2019 | Journal article |